| 000 | 00856nam a2200205Ii 4500 | ||
|---|---|---|---|
| 003 | JO-AjNU | ||
| 008 | 230605s9999||||xx |||||||||||||| ||und|| | ||
| 017 | _a2004/7/1712 | ||
| 040 |
_aJO-AjNU _bara _erda _cJO-AjNU |
||
| 041 | _aara | ||
| 050 | 1 | 4 | _aN7573.3.J82 2004 |
| 100 | 3 |
_aجودي، محمد حسين تأليف , _eauthor _99470 |
|
| 245 | 0 | 0 | _aفن التخطيط البصري: تخطيط الجسم والرأس والوجه الإنساني وتخطيط النماذج والمناظر الطبيعية والحصان |
| 264 | 3 | 1 | _aعمان:دار الفرقان للنشر,2004 |
| 300 |
_a57ص _bصور توضيحية |
||
| 336 |
_atext _btxt _2rdacontent |
||
| 337 |
_aunmediated _bn _2rdamedia |
||
| 338 |
_avolume _bnc _2rdacarrier |
||
| 650 | 4 |
_aالفنون التشكيلية-فن الرسم-فنون الرسوم التصويرية _99471 |
|
| 999 |
_aA1318 _c4886 _d4886 |
||